01242nam a2200241Ia 4500001001100000003001000011008004100021040002500062041001300087100003900100245009600139250001100235260006700246300001200313500016000325501011400485520016000599650002300759942000700782957000600789999004300795952016200838L248-15511IT-CnALBA170116s9999||||xx |||||||||||||| ||und|| aIT-CnALBAcIT-CnALBA aITALIANO aLEPICIER ALESSIO, OSM., CARDINALE. 0aIL MONDO INVISIBILE. ESPOSIZIONE DELLA TEOLOGIA CATTOLICA INTORNO ALLO SPIRITISMO MODERNO.  a2a ed. aVICENZAbANONIMA SOC. TIP. CAT. VICENTINAc1922 [1° Ed.:1920] a417 p.  aLETTERA DI BENEDETTO XV ALL'AUTORE. ANGELI: CONOSCENZA E POTERE. ANIMA. METEMPSICOSI. SPIRITISMO. IPNOTISMO. TELEPATIA. DOPPIONE. CONFRONTA DOCUMENTO 937.  aSocietà San Paolo EM - Piazza San Paolo, 14 - 12051 ALBA (CN) (non commercial uses only) ® Copyright 2017 aLETTERA DI BENEDETTO XV ALL'AUTORE. ANGELI: CONOSCENZA E POTERE. ANIMA. METEMPSICOSI. SPIRITISMO. IPNOTISMO. TELEPATIA. DOPPIONE. CONFRONTA DOCUMENTO 937.  aASCETICA E MISTICA cBK 71 a20261bSI g Copie: 1 c274680d274680 0010406L_2481551171aALBAbALBAd2017-01-16l0oL248-15511r2017-01-16 00:00:00w2017-01-16yBKz(data import: 16 gennaio 2017) - By Epidotti, Vaglietti.